Nový zákon o platobných službách

Implementáciou smernice EÚ oplatobných službách na vnútornom trhu do nášho právneho poriadku, dochádza k zjednoteniu práv a povinností s ostatnými krajinami Európskeho hospodárskeho priestoru pri poskytovaní a používaní platobných služieb, ako aj ďalších práv a povinností napríklad pri riešení sporo...

Descrizione completa

Salvato in:
Dettagli Bibliografici
Autore principale: Kadlečíková, Oľga, 1973-
Natura: Capitolo di libro
Lingua:slovacco
Soggetti:
Tags: Aggiungi Tag
Nessun Tag, puoi essere il primo ad aggiungerne!!

MARC

LEADER 00000naa$a2200000$$$4500
001 0113880
005 20240502072251.8
041 0 |a slo 
044 |a SK 
245 1 0 |a Nový zákon o platobných službách  |c Oľga Kadlečíková 
520 |a Implementáciou smernice EÚ oplatobných službách na vnútornom trhu do nášho právneho poriadku, dochádza k zjednoteniu práv a povinností s ostatnými krajinami Európskeho hospodárskeho priestoru pri poskytovaní a používaní platobných služieb, ako aj ďalších práv a povinností napríklad pri riešení sporov. Zároveň zákon vymedzuje podmienky na vznik a podnikanie novej kategórie poskytovateľov platobných služieb - tzv. platobným inštitúciám, ktoré okrem bánk a pobočiek zahraničných bánk môžu poskytovať platobné služby, napr. zasielatelia peňazí. 
610 2 0 |a služby 
610 2 0 |a styk platobný medzinárodný 
610 2 0 |a trh vnútorný 
610 2 0 |a smernice 
610 2 0 |a Európska únia 
610 2 0 |a Slovensko 
610 2 0 |a úpravy právne 
100 1 |a Kadlečíková, Oľga, 1973-